Geography Quiz

Random Geography or Asia Quiz

Countries of Asia by Land Area Quiz Stats

 Plays Quiz not verified by Sporcle

Score 0/48 Timer 12:00
0 Plays Today
Rank Country % Correct
1.Russia
99.7%
2.China
99.7%
3.India
99.7%
4.Kazakhstan
99.4%
5.Saudi Arabia
97.2%
6.Indonesia
97.2%
8.Iran
96%
7.Mongolia
95.6%
9.Pakistan
93.8%
10.Turkey
92.8%
11.Myanmar
91%
12.Afghanistan
90.7%
13.Yemen
88.8%
15.Turkmenistan
88.5%
14.Thailand
88.2%
17.Uzbekistan
86.9%
18.Japan
86.9%
16.Iraq
86.6%
21.Oman
84.4%
19.Malaysia
83.8%
23.Laos
82.2%
20.Vietnam
81.9%
24.Kyrgyzstan
81.6%
22.Philippines
81.3%
Rank Country % Correct
25.Syria
80.7%
26.Cambodia
80.1%
28.Tajikistan
79.4%
27.Nepal
78.8%
30.North Korea
77.9%
40.Israel
77.9%
31.South Korea
77.6%
32.Jordan
77.3%
29.Bangladesh
76.3%
48.Maldives
76.3%
47.Singapore
76%
46.Bahrain
75.7%
45.Brunei
75.4%
33.UAE
75.1%
43.Qatar
75.1%
44.Lebanon
75.1%
34.Azerbaijan
74.8%
37.Bhutan
74.8%
39.Armenia
74.8%
41.Kuwait
74.8%
35.Georgia
74.5%
38.Taiwan
74.5%
36.Sri Lanka
73.5%
42.East Timor
73.5%

You're not logged in!

Compare scores with friends on all Sporcle quizzes.
OR
Log In

Show Comments

Extras

Created Feb 27, 2012SourceReportNominate
Tags:Asia Quiz, area, Land Area, size

Top Quizzes Today


Score Distribution

Your Account Isn't Verified!

In order to create a playlist on Sporcle, you need to verify the email address you used during registration. Go to your Sporcle Settings to finish the process.

Report this User

Report this user for behavior that violates our Community Guidelines.

Details: